000 00422 a2200121 4500
001 ART_7887
005 20260410161638.0
008 260409a
245 1 0 _aBreves reflexiones sobre la finalización (?) de la vigencia del impuesto a la Ganancia Mínima Presunta
100 1 _aLorenzo, Armando
700 1 _aCavalli, César M.
773 0 _tConsultor tributario
_g- Vol. 2, Nº 17 (jul. 2008)
_wREV474
999 _c13096
_d13096